Länder, die Liechtenstein am nächsten liegen - 1-Min-Sprint - Statistiken

Allgemein
  • Dieses Quiz wurde 144 mal gespielt
  • Das Durchschnittsergebnis liegt bei 15 aus 20
Antwortstatistiken
km Land % Korrekt
33 Deutschland
99%
0 Österreich
98%
0 Schweiz
98%
68 Italien
97%
150 Frankreich
95%
334 Tschechien
88%
300 Slowenien
84%
372 Belgien
81%
556 Slowakei
78%
409 San Marino
76%
465 Niederlande
74%
338 Luxemburg
71%
492 Ungarn
70%
348 Kroatien
69%
400 Monaco
68%
716 Spanien
68%
556 Polen
65%
617 Vatikanstadt
64%
521 Bosnien und Herzegowina
47%
720 Serbien
45%
Keine übereinstimmenden Quizze gefunden
Verteilung der Resultate
Anzahl Personen mit jedem Resultat
Perzentil nach korrekt beantworteten Fragen
Ihre Resultats-Entwicklung
Sie haben dieses Quiz noch nicht gespielt